The Selective Voet being the Commentary on the Pandects (Record no. 2847)

MARC details
000 -LEADER
fixed length control field 00504nam a22001577a 4500
005 - DATE AND TIME OF INPUT
control field 20240919134032.0
008 - DATA ELEMENTS--GENERAL INFORMATION
fixed length control field 240827b |||||||| |||| 00| 0 eng d
041 ## - LANGUAGE CODE
Language code of text English
082 ## - SHELF NUMBER
DDC number 340.5 VOE
100 ## - MAIN AUTHOR
Language of a work English
245 ## - TITLE STATEMENT
Title The Selective Voet being the Commentary on the Pandects
Statement of responsibility, etc. translated by / P Gane
260 ## - PUBLICATION, DISTRIBUTION, ETC.
Place of publication, distribution, etc. London:
Name of publisher, distributor, etc. Butterworth and Company Ltd,
Date of publication, distribution, etc. 1955
300 ## - PHYSICAL DESCRIPTION
Other physical details xxi, 771 pages;
Dimensions 26 cm.
650 ## - SUBJECT`
Broad subject Legal practice
Own subject terms Law
942 ## - ADDED ENTRY ELEMENTS (KOHA)
Item type Books
942 ## - ADDED ENTRY ELEMENTS (KOHA)
-- ALISON_BN_VRIES
Holdings
Source of classification or shelving scheme Volume number (bound volume or other part) Not for loan Collection code Home library Current library Shelving location Date acquired Full call number Barcode Price effective from Koha item type
Dewey Decimal Classification Volume 1   THE SELECTIVE VOET LAW SOCIETY OF NAMIBIA LIBRARY - WINDHOEK LAW SOCIETY OF NAMIBIA LIBRARY - WINDHOEK THE SELECTIVE VOET 08/27/2024 340.5 VOE LSN/2023/4093 08/27/2024 Books
Dewey Decimal Classification Volume 2   THE SELECTIVE VOET LAW SOCIETY OF NAMIBIA LIBRARY - WINDHOEK LAW SOCIETY OF NAMIBIA LIBRARY - WINDHOEK THE SELECTIVE VOET 08/27/2024 340.5 VOE LSN/2023/4094 08/27/2024 Books
Dewey Decimal Classification Volume 3   THE SELECTIVE VOET LAW SOCIETY OF NAMIBIA LIBRARY - WINDHOEK LAW SOCIETY OF NAMIBIA LIBRARY - WINDHOEK THE SELECTIVE VOET 08/27/2024 340.5 VOE LSN/2023/4095 08/27/2024 Books
Dewey Decimal Classification Volume 4   THE SELECTIVE VOET LAW SOCIETY OF NAMIBIA LIBRARY - WINDHOEK LAW SOCIETY OF NAMIBIA LIBRARY - WINDHOEK THE SELECTIVE VOET 08/27/2024 340.5 VOE LSN/2023/4096 08/27/2024 Books
Dewey Decimal Classification Volume 5   THE SELECTIVE VOET LAW SOCIETY OF NAMIBIA LIBRARY - WINDHOEK LAW SOCIETY OF NAMIBIA LIBRARY - WINDHOEK THE SELECTIVE VOET 08/27/2024 340.5 VOE LSN/2023/4097 08/27/2024 Books
Dewey Decimal Classification Volume 6   THE SELECTIVE VOET LAW SOCIETY OF NAMIBIA LIBRARY - WINDHOEK LAW SOCIETY OF NAMIBIA LIBRARY - WINDHOEK THE SELECTIVE VOET 08/27/2024 340.5 VOE LSN/2023/4098 08/27/2024 Books
Dewey Decimal Classification Volume 7   THE SELECTIVE VOET LAW SOCIETY OF NAMIBIA LIBRARY - WINDHOEK LAW SOCIETY OF NAMIBIA LIBRARY - WINDHOEK THE SELECTIVE VOET 08/27/2024 340.5 VOE LSN/2023/4099 08/27/2024 Books